Central Library OPAC University of Rajshahi

Democracy and the American party system / (Record no. 58759)

MARC details
000 -LEADER
fixed length control field 00775nam a2200229 a 4500
001 - CONTROL NUMBER
control field 58759
003 - CONTROL NUMBER IDENTIFIER
rucl marc code BD-RjUL
005 - DATE AND TIME OF LATEST TRANSACTION
control field 20211209080644.0
008 - FIXED-LENGTH DATA ELEMENTS--GENERAL INFORMATION
fixed length control field 161219s1956 nyuab b 000 0 eng
035 ## - SYSTEM CONTROL NUMBER
System control number (BD-RjUL)58883
040 ## - CATALOGING SOURCE
Original cataloging agency DLC
Transcribing agency ODaWU
Modifying agency OCoLC
-- DLC
-- BD-RjUL
Language of cataloging eng
041 ## - LANGUAGE CODE
Language code of text/sound track or separate title eng
082 ## - DEWEY DECIMAL CLASSIFICATION NUMBER
Classification number 324.273
Edition number 23
Author mark and year RAD 1956
100 1# - MAIN ENTRY--PERSONAL NAME
Personal name Ranney, Austin.
9 (RLIN) 174659
245 10 - TITLE STATEMENT
Title Democracy and the American party system /
Statement of responsibility, etc. by Austin Ranney and Willmoore Kendall. Under the general editorship of Earl Latham.
260 ## - PUBLICATION, DISTRIBUTION, ETC. (IMPRINT)
Place of publication, distribution, etc. New York :
Name of publisher, distributor, etc. Harcourt,
Date of publication, distribution, etc. 1956
300 ## - PHYSICAL DESCRIPTION
Pagination xiv, 550 p. :
Illustrations ill. ;
Size 24 cm.
500 ## - GENERAL NOTE
General note Includes Index
650 #0 - SUBJECT ADDED ENTRY--TOPICAL TERM
Topical term or geographic name as entry element Political parties
Geographic subdivision United States.
9 (RLIN) 173089
700 1# - ADDED ENTRY--PERSONAL NAME
Personal name Kendall, Willmoore,
Dates associated with a name 1909-1967,
Relator term joint author.
942 ## - ADDED ENTRY ELEMENTS (KOHA)
Source of classification or shelving scheme Dewey Decimal Classification
Koha item type Books
Holdings
Lost status Source of classification or shelving scheme Damaged status Not for loan Collection code Permanent Location Current Location Shelving location Date acquired Source of acquisition Cost, normal purchase price Total Checkouts Full call number Date last seen Copy number Koha item type
  Dewey Decimal Classification   Not For Loan Non-fiction Central Library, University of Rajshahi Central Library, University of Rajshahi Reading Room 06/06/1969 Zeitlinger 73.00   324.273 RAD 1956 19/12/2016 C-1 Books